NFL Draft 2023: First Round - Statistics

General Stats
  • This quiz has been taken 114 times
  • The average score is 19 of 31
Answer Stats
Pick # Team Answer % Correct
1 Panthers Bryce Young
100%
2 Texans C.J. Stroud
100%
4 Colts Anthony Richardson
96%
3 Texans Will Anderson Jr.
92%
5 Seahawks Devon Witherspoon
88%
9 Eagles Jalen Carter
83%
8 Falcons Bijan Robinson
81%
12 Lions Jahmyr Gibbs
78%
6 Cardinals Paris Johnson Jr.
77%
21 Chargers Quentin Johnson
74%
26 Cowboys Mazi Smith
71%
30 Eagles Nolan Smith
71%
23 Vikings Jordan Addison
67%
20 Seahawks Jaxon Smith-Njigba
65%
22 Ravens Zay Flowers
63%
17 Patriots Christian Gonzalez
62%
13 Packers Lukas Van Ness
61%
7 Raiders Tyree Wilson
59%
18 Lions Jack Campbell
55%
11 Titans Peter Skoronski
54%
14 Steelers Broderick Jones
52%
25 Bills Dalton Kincaid
51%
15 Jets Will McDonald IV
51%
16 Commanders Emmanuel Forbes
48%
10 Bears Darnell Wright
47%
24 Giants Deonte Banks
42%
19 Buccaneers Calijah Kancey
32%
29 Saints Brian Bresee
31%
28 Bengals Myles Murphy
30%
27 Jaguars Anton Harrison
26%
31 Chiefs Felix Anudike-Uzomah
26%
No matching quizzes found
Score Distribution
Percent of People with Each Score
Percentile by Number Answered
Your Score History
You have not taken this quiz